| 000 | 00890nam a2200253Ia 4500 | ||
|---|---|---|---|
| 003 | GCL | ||
| 008 | 140319s9999 xx 000 0 ara d | ||
| 040 |
_aGCL / _cGCL |
||
| 082 | 0 | 4 |
_a811.0091 _bع ت |
| 100 | 1 | _aعبدالله التطاوى | |
| 245 | 1 | 0 |
_aالتراث والمعارضة عند شوقى / _cعبدالله التطاوى |
| 300 | _a196 ص | ||
| 490 |
_aالهيئة العامة للاستعلامات _v0 |
||
| 650 | 0 | 4 | _aالبحترى، ابوعبادة الوليد بن عبيد، 821 - 897 م |
| 650 | 0 | 4 | _aالشعر العربى - تاريخ ونقد |
| 650 | 0 | 4 | _aاحمد شوقى |
| 650 | 0 | 4 | _aالمتنبى, ابو الطيب |
| 650 | 0 | 4 | _aابوالعلاء المعرى |
| 650 | 0 | 4 | _aابن زيدون |
| 650 | 0 | 4 | _aالشعراء العرب - تاريخ ونقد |
| 650 | 0 | 4 | _aابن سينا |
| 650 | 0 | 4 | _aابوتمام |
| 942 |
_2ddc _cBK |
||
| 999 |
_c47695 _d47695 |
||